000 01837cam a22005054i 4500
003 PE-LiUPU
005 20250731165500.0
008 150623s r 000 0 d
020 _a1565633504
035 _a(Sirsi) i9781565633506
040 _aPE-LiUPU
_bspa
_cPE-LiUPU
_erda
049 _aPRUA
082 0 4 _a225.077
_bB
_221
100 1 _aBockmuehl, Markus N. A.,
_eautor.
245 1 4 _aThe epistle to the Philippians.XI /
_cMarkus N. A. Bockmuehl.
264 1 _aLondon, Great Britain :
_bHendrickson Publishers,
_c1998.
300 _a327 páginas ;
_c22 centímetros
336 _atext
_2rdacontent
337 _aunmediated
_2rdamedia
338 _avolume
_2rdacarrier
490 0 _aBlack's New Testament Commentary ;
_v11
504 _aIncluye bibliografía al final de cada capítulo.
505 0 _aPhilippi.- The church at Philippi.- Paul`s letter to Philippi.- The interpretation of Philippians.- Outline of Philippians.
526 _aSEG44
526 _aSEG26
526 _aP151
526 _aP150
526 _aP149
526 _aP146
526 _aP145
526 _aP126
526 _aP125
526 _aP92
526 _aP75
526 _aP74
526 _aP27
526 _aP15
630 _aBiblia.
_pN.T.
_pFilipenses
_xComentarios.
942 _2ddc
_cBOOK
949 _aRC 225.077 B XI
_wDEWEY
_c1
_i45667
_lCCODEBUL1
_mBUL
_r0
_sY
_tBOOK
_u2015-6-24
_xTEOLOGIA
_PP35
_0COMPRA
_o.CIRCNOTE. No olvidar cambiar la fecha de devolución!!!!!!!
_o.STAFF. Colección General
994 _aC0
_bPEPRU
596 _a1
999 _aRC 225.077 B XI
_wDEWEY
_c22544
_i45667
_f2021-11-8
_g6
_lCCODEBUL1
_mBUL
_r1
_sY
_tBOOK
_u2015-6-24
_xTEOLOGIA
_PP35
_0COMPRA
_o.CIRCNOTE. No olvidar cambiar la fecha de devolución!!!!!!!
_o.STAFF. Colección General
_d22544
980 _81
_gALBERTO SANCHEZ Responsable de Automatización